000 01435cam a2200337 a 4500
001 12287823
003 ARRUPE
005 20150318105651.0
008 010124s2001 nyuab be 001 0deng
010 _a 2001020005
020 _a0684805618 (set : alk. paper)
020 _a0684805588 (v. 1 : alk. paper)
020 _a0684805596 (v. 2 : alk. paper)
020 _a068480560X (v. 3 : alk. paper)
040 _aDLC
_cDLC
_dDLC
043 _an-us---
050 0 0 _a REF E169.1
_b.E624 2001
082 0 0 _a973/.03
_221
100 _aCayton, Mary Kupiec (ed.)
_916407
245 0 0 _aEncyclopedia of American cultural & intellectual history /
_cMary Kupiec Cayton, Peter W. Williams, editors.
246 3 _aEncyclopedia of American cultural and intellectual history
260 _aNew York :
_bScribner,
_cc2001.
300 _a3 v. :
_bill., maps ;
_c29 cm.
504 _aIncludes bibliographical references and index.
651 0 _aUnited States
_xCivilization
_vEncyclopedias.
_916408
651 0 _aUnited States
_xIntellectual life
_vEncyclopedias.
_916409
700 1 _aWilliams, Peter W. (ed.)
_916410
906 _a7
_bcbc
_corignew
_d1
_eocip
_f20
_gy-gencatlg
942 _2lcc
_cREFERENCE
999 _c122460
_d122460